La era de Uribe (Registro nro. 296665)

Detalles MARC
000 -ENCABEZADO
Número de control [NR] 01095 a2200265 4500
005 - FECHA Y HORA DE LA ÚLTIMA TRANSACCIÓN
control field 20140903175136.0
008 - DE LONGITUD FIJA DE DATOS DE ELEMENTOS - INFORMACIÓN GENERAL
Elementos de longitud fija [NR] 140821s2007 ck a gr|||| 00| h spa d
020 ## - NUMERO INTERNACIONAL NORMALIZADO PARA LIBROS [R]
Número Internacional Normalizado del libro [NR] 9789587046267
040 ## - FUENTE DE CATALOGACION [NR]
Agencia de catalogación original [NR] CO-BoUCM
Idioma de catalogación [NR] spa
Quien Cataloga Jose A. Gerena
Quien Clasifica Jose A. Gerena
041 ## - CODIGO DE IDIOMA [R]
Código de idioma para texto/pista de sonido o título separado [R] Español
100 1# - ASIENTO PRINCIPAL--NOMBRE PERSONAL [NR]
Nombre personal [NR] Gallego, Carlos Mario
ID Autoridad 63917
245 13 - MENCION DE TITULO [NR]
Título [NR] La era de Uribe
Parte restante del título [NR] contada por las dos señoras más lengüilargas de Colombia. Tola y Maruja
Mención de responsabilidad, etc. [NR] Carlos Mario Gallego
260 ## - PUBLICACION, DISTRIBUCION, ETC. (PIE DE IMPRENTA) [R]
Fecha de publicación, distribución, etc. [R] 2007
Nombre del editor, distribuidor, etc. [R] El Espectador
-- Aguilar
Lugar de publicación, distribución, etc. [R] Bogotá (Colombia)
300 ## - DESCRIPCION FISICA [R]
Extensión [R] 277 páginas
Otros detalles físicos [NR] ilustraciones
650 #7 - ASIENTO SECUNDARIO DE MATERIA - TERMINO TEMATICO [R]
9 (RLIN) 18629
Término temático o nombre geográfico como elemento de entrada [NR] Literatura colombiana
Subdivisión de forma [R] Caricaturas, sátiras, etc.
650 #7 - ASIENTO SECUNDARIO DE MATERIA - TERMINO TEMATICO [R]
9 (RLIN) 22063
Término temático o nombre geográfico como elemento de entrada [NR] Políticos
Subdivisión geográfica [R] Colombia
Subdivisión de forma [R] Caricaturas, sátiras, etc.
650 #7 - ASIENTO SECUNDARIO DE MATERIA - TERMINO TEMATICO [R]
9 (RLIN) 8225
Término temático o nombre geográfico como elemento de entrada [NR] Vida social y costumbres
Subdivisión geográfica [R] Colombia
Subdivisión de forma [R] Caricaturas, sátiras, etc.
650 #7 - ASIENTO SECUNDARIO DE MATERIA - TERMINO TEMATICO [R]
9 (RLIN) 8433
Término temático o nombre geográfico como elemento de entrada [NR] Actividad política
Subdivisión geográfica [R] Colombia
Subdivisión de forma [R] Caricaturas, sátiras, etc.
690 ## - ASUNTO AGREGADO LOCAL DE ENTRADA - TÉRMINO TEMÁTICO (OCLC, RLIN)
9 (RLIN) 42805
Acceso temático local Entretenimiento
690 ## - ASUNTO AGREGADO LOCAL DE ENTRADA - TÉRMINO TEMÁTICO (OCLC, RLIN)
9 (RLIN) 42861
Acceso temático local Literatura colombiana
710 2# - ASIENTO SECUNDARIO - NOMBRE CORPORATIVO [R]
Nombre corporativo o de jurisdicción como elemento de entrada [NR] Maruja
9 (RLIN) 63919
710 2# - ASIENTO SECUNDARIO - NOMBRE CORPORATIVO [R]
Nombre corporativo o de jurisdicción como elemento de entrada [NR] Tola
9 (RLIN) 63918
942 ## - ELEMENTOS DE ENTRADA AGREGADOS (KOHA)
Tema principal Literatura
Tipo de ítem principal el descrito en 300a Libro
Edición 1
Parte restante de la signatura top. G166
Prefijo de la signatura top. (colección) Literatura - Colombia
Sistema de clasificación DEWEY
Clasificación 867.44
Existencias
Signatura topográfica Código de barras Última vez visto Ejemplar Costo de reposición Price effective from Tipo de ítem Perdido Sistema de clasificación Dañado No prestable Tipo de ítem específico Suprimido Ubicación habitual Ubicación actual Localización Fecha de creación Proveedor Forma de adquisición Costo
C 867.44 G166 100143426 11/12/2025 Ej.1 26000.00 21/08/2014 Libro   DEWEY     Libro   Bodega Bodega 5to piso 21/08/2014 12 Donación 0.00